| 000 | 00917nam a2200265 a 4500 | ||
|---|---|---|---|
| 001 | BRCA_7844 | ||
| 005 | 20190320210024.0 | ||
| 008 | 071113s1966----mx-a######---#000-0#spa-# | ||
| 041 | _aspa | ||
| 044 | _amx | ||
| 050 | 4 |
_aND259.V3 _b.P39 1966 |
|
| 100 | 1 |
_aPaz, Octavio _9902 |
|
| 245 | 1 | 0 |
_aRemedios Varo _cOctavio Paz y Roger Caillois ; dirección artística Vicente Rojo ; selección de fragmentos literarios Jomi García Ascot ; trad. española del texto de R. Caillois, José Emilio Pacheco. |
| 260 |
_aMéxico _bEra _c1966 |
||
| 300 |
_a178 p. _bil. (algunas a color), 97 láminas _c28 cm. |
||
| 500 | _aY66 | ||
| 600 | 1 | 4 |
_aVaro, Remedios _d1913-1963 _919414 |
| 650 | 1 | 4 |
_aPintores mexicanos _94220 |
| 700 | 1 |
_aCaillois, Roger _ecoaut. _919415 |
|
| 700 | 1 |
_aRojo, Vicente _919416 |
|
| 700 | 1 |
_aGarcía Ascot, Jomi _919417 |
|
| 700 | 1 |
_aPacheco, José Emilio _etr. _94647 |
|
| 902 | _aGFM | ||
| 942 |
_2lcc _cB |
||
| 999 |
_c7518 _d7518 |
||